000 00431nam a2200181Ia 4500
001 25156
005 20260414151131.0
008 260414t2008||||xx |||||||||||||| ||spa||
041 _aESP
082 _a346.241
_bA44
100 _aAlmeida Briceño, José
_eAUT
245 0 _aLa sociedad de gananciales
_b
260 _c2008
300 _a575 páginas :
_c24 cm.
650 _aDER
654 _aCDE
942 _cLIB
_dJUS
_fJUS
_2ddc
_n
999 _c25156
_d25156